书目信息 |
| 题名: |
土石坝设计与施工
|
|
| 作者: | 王飞寒 , 李梅华 主编 | |
| 分册: | ||
| 出版信息: | 北京 中国水利水电出版社 2011.01 |
|
| 页数: | 205页 | |
| 开本: | 26cm | |
| 丛书名: | ||
| 单 册: | ||
| 中图分类: | TV641 | |
| 科图分类: | ||
| 主题词: | 土石坝--工程施工--高等教育--教材 , 土石坝--设计--高等教育--教材 , 土石坝 | |
| 电子资源: | ||
| ISBN: | 978-7-5084-8383-2 | |
| 000 | 01118nam0 2200301 450 | |
| 001 | 1138803221 | |
| 005 | 20111219160929.67 | |
| 010 | @a978-7-5084-8383-2@dCNY25.00 | |
| 049 | @aA210000LPL@bUCS01004827693@c012004541147 | |
| 090 | @aTV64@blmh | |
| 096 | @aTV64@blmh | |
| 100 | @a20110507d2011 em y0chiy50 ea | |
| 101 | 0 | @achi |
| 102 | @aCN@b110000 | |
| 105 | @ay z 000yy | |
| 200 | 1 | @a土石坝设计与施工@9tu shi ba she ji yu shi gong@b专著@f李梅华,王飞寒主编 |
| 210 | @a北京@c中国水利水电出版社@d2011.01 | |
| 215 | @a205页@d26cm | |
| 300 | @a普通高等教育“十二五”规划教材 国家示范性高等职业院校 中央财政重点支持建设专业水利水电建筑工程专业课程改革系列教材 | |
| 330 | @a本书除设计基本资料、综述外,共分9个项目,包括土石坝结构设计、溢洪道设计、施工条件分析、施工导流计划、土石坝施工、施工进度计划等。 | |
| 606 | 0 | @a土石坝@x工程施工@x高等教育@j教材 |
| 606 | 0 | @a土石坝@x设计@x高等教育@j教材 |
| 606 | 0 | @a土石坝 |
| 690 | @aTV641@v4 | |
| 701 | 0 | @a王飞寒@9wang fei han@4主编 |
| 701 | 0 | @a李梅华@c(女,@f1969~)@9li mei hua@4主编 |
| 801 | 0 | @aCN@b110017@c20110412 |
| 905 | @aZUCC@dTV641@eW172 | |
| 土石坝设计与施工/李梅华,王飞寒主编.-北京:中国水利水电出版社,2011.01 |
| 205页;26cm |
| 普通高等教育“十二五”规划教材 国家示范性高等职业院校 中央财政重点支持建设专业水利水电建筑工程专业课程改革系列教材 |
| ISBN 978-7-5084-8383-2:CNY25.00 |
| 本书除设计基本资料、综述外,共分9个项目,包括土石坝结构设计、溢洪道设计、施工条件分析、施工导流计划、土石坝施工、施工进度计划等。 |
| ● |
| 相关链接 |
|
|
|
正题名:土石坝设计与施工
索取号:TV641/W172
 
预约/预借
| 序号 | 登录号 | 条形码 | 馆藏地/架位号 | 状态 | 备注 |
| 1 | 843536 | 208435362 | 自科库501/501自科库 48排2列4层/ [索取号:TV641/W172] | 在馆 | |
| 2 | 843537 | 208435371 | 期刊室512/501自科库 48排2列4层/ [索取号:TV641/W172] | 在馆 | |
| 3 | 843560 | 208435601 | 自科库501/501自科库 48排2列4层/ [索取号:TV641/W172] | 在馆 |